| 000 | 02381nam a22002537a 4500 | ||
|---|---|---|---|
| 001 | 6451 | ||
| 003 | FISKH | ||
| 005 | 20250512144531.0 | ||
| 008 | 250505b cb ||||| |||| 00| 0 eng d | ||
| 040 |
_aFISKH _bkhr _cFISKH _dFISKH |
||
| 050 | _aPZ7 | ||
| 082 | _a800 | ||
| 100 | _aSamnang , Mao | ||
| 245 |
_aនរណាកំណត់? / _cនិពន្ធដោយអ្នកស្រី ម៉ៅ សំណាង |
||
| 250 | _aចេញផ្សាយឆ្នាំ ២០១០ | ||
| 260 |
_aភ្នំពេញ : _bបណ្ណាល័យ សុរិយារង្សី , _c2010 . |
||
| 300 |
_a134 pages : _billustrations ; _c21 cm . |
||
| 520 | _aគឺជាប្រលោមលោកមនោសញ្ចេតនាដែលបង្ហាញពីការរីកចម្រើននៃតួអង្គឯកម្នាក់ ដែលមានបេះដូងស្រពេចស្រពិល និងមិនច្បាស់អំពីអារម្មណ៍របស់ខ្លួន។ តួអង្គនេះត្រូវប្រឈមមុខនឹងការបែងចែកអារម្មណ៍រវាងសេចក្ដីអាណិត និងសេចក្ដីស្រឡាញ់។ ក្នុងដំណើររបស់រឿង តួអង្គបានរៀនពីមេរៀននៃសេចក្ដីអាណិត និងសេចក្ដីស្រឡាញ់ ហើយព្យាយាមកែប្រែខ្លួនឱ្យកាន់តែប្រសើរឡើង ដើម្បីបង្ហាញចិត្ដស្មោះ និងឱ្យមនុស្សដែលខ្លួនស្រឡាញ់មានឱកាសម្តងទៀត ។ | ||
| 520 | _aIt is a romantic novel that depicts the development of a single character who is heartbroken and unsure of his feelings. The character must face the emotional divide between pity and love.Throughout the story, the characters learn lessons of compassion and love and try to change themselves for the better, to show their sincerity and give the people they love another chance. | ||
| 650 |
_aនរណាកំណត់ _vប្រលោមលោកមនោសញ្ចេតនា |
||
| 650 |
_aNorna kom not _vRomance fiction |
||
| 942 |
_2ddc _cKHB _n0 |
||
| 999 |
_c6451 _d6451 |
||